Essential of business ethics/ (Record no. 5481)

MARC details
000 -LEADER
fixed length control field 00652nam a22001937a 4500
003 - CONTROL NUMBER IDENTIFIER
control field OSt
005 - DATE AND TIME OF LATEST TRANSACTION
control field 20251105051900.0
008 - FIXED-LENGTH DATA ELEMENTS--GENERAL INFORMATION
fixed length control field 251105b |||||||| |||| 00| 0 eng d
020 ## - INTERNATIONAL STANDARD BOOK NUMBER
International Standard Book Number 978-621-427-047-7
040 ## - CATALOGING SOURCE
Original cataloging agency DWCL-Main lib
Transcribing agency OC
082 ## - DEWEY DECIMAL CLASSIFICATION NUMBER
Classification number Fil. 174.4 S484e 2019
100 ## - MAIN ENTRY--PERSONAL NAME
Personal name Sergote, Jessie
245 ## - TITLE STATEMENT
Title Essential of business ethics/
Statement of responsibility, etc. Jessie Sergote
260 ## - PUBLICATION, DISTRIBUTION, ETC.
Place of publication, distribution, etc. Manila, Philippines :
Name of publisher, distributor, etc. Unlimited books services & publishing ,
Date of publication, distribution, etc. c2019
300 ## - PHYSICAL DESCRIPTION
Extent x, 196 pages : illustrations ; 23cm.
Other physical details illustrations ;
Dimensions 23cm.
504 ## - BIBLIOGRAPHY, ETC. NOTE
Bibliography, etc. note Includes bibliographical references
650 ## - SUBJECT ADDED ENTRY--TOPICAL TERM
Topical term or geographic name entry element 1. Business Ethics
942 ## - ADDED ENTRY ELEMENTS (KOHA)
Source of classification or shelving scheme Dewey Decimal Classification
Koha item type Book-Filipiniana
Call number prefix Fil.
Suppress in OPAC No
952 ## - LOCATION AND ITEM INFORMATION (KOHA)
--
952 ## - LOCATION AND ITEM INFORMATION (KOHA)
--
Holdings
Withdrawn status Lost status Source of classification or shelving scheme Damaged status Not for loan Home library Current library Shelving location Date acquired Source of acquisition Cost, normal purchase price Total Checkouts Full call number Barcode Date last seen Copy number Price effective from Koha item type Uniform Resource Identifier
    Dewey Decimal Classification     College Library College Library Filipiniana 12/09/2021 School Fund 400.00   Fil. 174.4 S484e 2019 CL53097 11/05/2025 c1 11/05/2025 BK - FIL
    Dewey Decimal Classification     College Library College Library Filipiniana 01/27/2023 School Fund 375.00   Fil. 174.4 S484e 2019 CL53438 04/22/2026 c2 11/05/2025 BK - FIL